01005 a2200229 4500020001500000020001500015040001300030245010100043246005500144260005500199300003400254538003600288538007200324650003800396700002100434700002400455700002400479856009800503942002600601999001500627952013300642 a0122252632 a0122252632 aDLCbDLC00aWDM technologies: optical networkscedited by Achyut K. Dutta, Niloy K. Dutta, Masahiko Fujiwara30aWDM technologies :boptical networks : volume III. aBurlington, MA :bElsevier Academic Press,cc2004. axix, 315 p. :bill. ;c24 cm. aMode of access: World Wide Web. aSystem requirements: Internet connectivity; World Wide Web browser. 0aWavelength division multiplexing.1 aDutta, Achyut K.1 aDutta, N. K.d1953-1 aFujiwara, Masahiko.40uhttp://libproxy1.nus.edu.sg/login?url=http://www.sciencedirect.com/science/book/9780122252631 cBKk621.3827 DUT2ddc c8226d8226 001040708NFICaCLbCLcGENd2007-06-01eAllied Book Companyg593.69l0o621.3827 DUTpSEECS008562r2012-11-14w2017-01-05yBK